000 004090000a22001690004500
003 MACL
005 20160105171955.0
008 160105b xxu||||| |||| 00| 0 eng d
040 _aMACL
_cMACL
041 _aEnglish
082 _a823/GAR
100 _aDostoevsky, Fyodor
_928335
245 _aThe Possessed
260 _bWilliam Heinemann
_c1914
_aLondon
650 _aNovel
_9153
942 _cBK
_k823/DOS
_2ddc
999 _c38680
_d38680